[Event "Zuerich Chess Challenge 4th"]
[Site "Zuerich"]
[Date "2015.02.15"]
[Round "2"]
[White "Karjakin, Sergey"]
[Black "Caruana, Fabiano"]
[Result "1/2-1/2"]
[WhiteElo "2760"]
[BlackElo "2811"]
[Annotator "Pavlovic,M"]
[PlyCount "81"]
[EventDate "2015.02.14"]
[EventType "tourn"]
[EventRounds "5"]
[EventCountry "SUI"]
[EventCategory "22"]
[SourceTitle "CBM 165"]
[Source "ChessBase"]
[SourceDate "2015.03.11"]
[SourceVersion "1"]
[SourceVersionDate "2015.03.11"]
[SourceQuality "1"]

1. e4 e5 2. Nf3 Nc6 3. Bb5 Nf6 {The Berlin Defence has become so popular after
1.e4.} 4. d3 Bc5 5. O-O Nd4 {This is a standard method of exchanging pieces
for Black. Another way is 5...d6.} 6. Nxd4 Bxd4 7. c3 Bb6 8. Na3 {Leaving the
c1-h6 diagonal open so that the bishop can land on g5 at any moment.} c6 9. Ba4
d6 (9... O-O 10. Bg5 h6 11. Bh4 d6 (11... g5 12. Bg3 d6 13. Nc4 Bg4 14. Qd2 Nh5
15. d4 Be6 16. Ne3 Nf4 17. Bb3 Qf6 18. d5 Bd7 19. dxc6 bxc6 20. Nc4 Bc7 21.
Nxd6 {1-0 (45) Balogh,C (2632)-Buhmann,R (2582) Eppingen 2014; White is
clearly better.}) 12. Nc4 Bc7 13. Ne3 Be6 14. Bc2 d5 15. exd5 cxd5 16. d4 exd4
17. Qxd4 $14 {1-0 (59) Van Kampen,R (2615)-Sevian,S (2511) Wijk aan Zee 2015.
This is a typical position which White would like to establish.}) 10. Bb3 a5 {
An interesting waiting move, some others have been tried recently as well.} (
10... Bc7 11. f4 h6 12. Qf3 Qe7 13. Nc4 Be6 14. Ne3 exf4 15. Qxf4 d5 16. e5 Nd7
17. d4 O-O-O 18. Nf5 Qf8 19. Qg3 g6 20. Nh4 Qe7 21. Bd2 Kb8 {1/2-1/2 (55)
Balogh,C (2660)-Fedorchuk,S (2673) Bastia (rapid) 2014. We have a very sharp
game.}) (10... O-O 11. Nc4 Bc7 12. Bg5 h6 13. Bh4 g5 14. Bg3 Kh7 15. Ne3 Ne8
16. d4 f6 17. f3 Ng7 18. Bf2 Qe7 19. Qd3 Bd7 20. a4 Rad8 21. Bc2 Kh8 22. b4 Bc8
23. a5 a6 24. d5 $16 {1-0 (56) Bok,B (2572)-Loetscher,R (2444) Basel 2015}) 11.
Nc4 Bc7 12. Bg5 h6 13. Bh4 g5 {That is Black's idea, he is holding back
castling in order to meet Bg5 with this sharp continuation.} 14. Bg3 h5 15. f3
Be6 16. Ne3 h4 17. Bf2 d5 18. Re1 Kf8 19. h3 {A very complicated game in the
centre is still not defined so all kinds of possibilities are ahead of us.} Bb6
20. Qc2 {The idea is Rad1} Nh5 21. d4 exd4 22. cxd4 Nf4 23. Ng4 a4 24. Bxa4
dxe4 25. Rxe4 $1 (25. fxe4 Bxg4 26. hxg4 Qd7 $17) 25... Bf5 26. Rd1 Kg7 27. Bb3
{A pawn for an exchange is not a bad trade for White.} Qc7 28. Ne3 Bg6 $1 (
28... Bxe4 29. fxe4 $40 {[%cal Ge3f5] Such a position is not recommended for
Black.}) 29. Nc4 Rhe8 30. Kh1 {White could have played differently.} (30. Nxb6
Qxb6 31. d5 Bxe4 32. fxe4 Qb5 33. d6 Rad8 34. Bc4 Qa5 35. Bd4+ (35. Qb3) 35...
f6 36. e5 Rxe5 37. b4 Qa3 38. Kh1 $13) 30... Ba7 31. Ne5 Bxe4 32. fxe4 Rxe5 33.
dxe5 Bxf2 34. Qxf2 Rd8 35. Qe1 Rxd1 36. Qxd1 Qxe5 37. Qd7 Qf6 {Probably in
time trouble Black didn't want to risk all that much, but the alternative was
a better try.} (37... Qxb2 38. Qxf7+ Kh6 39. Qf8+ Qg7 40. Qd6+ Ng6 $15) 38. e5
Qg6 39. Kh2 {Now it is not easy for either side to make progress.} b6 40. e6
Nxe6 41. Qxc6 1/2-1/2

[Event "London Classic 8th"]
[Site "London"]
[Date "2016.12.17"]
[Round "8"]
[White "Vachier Lagrave, Maxime"]
[Black "Adams, Michael"]
[Result "1/2-1/2"]
[WhiteElo "2804"]
[BlackElo "2748"]
[Annotator "Pavlovic,M"]
[PlyCount "106"]
[EventDate "2016.12.09"]
[EventType "tourn"]
[EventRounds "9"]
[EventCountry "ENG"]
[EventCategory "22"]
[SourceTitle "CBM 176"]
[Source "ChessBase"]
[SourceDate "2017.01.17"]
[SourceVersion "1"]
[SourceVersionDate "2017.01.17"]
[SourceQuality "1"]

1. e4 e5 2. Nf3 Nc6 3. Bb5 Nf6 {The Berlin is definitely one of the most
difficult lines that White can meet when playing 1.e4. Others are the Najdorf
and Marshall which we saw that even Karjakin was not willing to enter in his
match with Carlsen.} 4. d3 Bc5 {The most popular choice for Black.} 5. c3 O-O
6. O-O Re8 7. Bg5 h6 8. Bh4 a6 9. Bc4 $5 {A rare choice.} (9. Ba4 Ba7 10. Nbd2
d6 11. Re1 Bd7 12. Nf1 Kh8 $5 13. Ne3 Rg8 14. Bb3 g5 15. Bg3 Rg7 16. Nd5 Nxd5
17. Bxd5 h5 {0-1 (37) Efimenko,Z (2637)-Vallejo Pons,F (2674) Khanty-Mansiysk
2005 Black is fine}) (9. Bxc6 dxc6 10. h3 Bd6 11. Nbd2 c5 12. Re1 g5 13. Bg3
Nh5 14. Nc4 b5 15. Ne3 Nf4 $13 {1/2-1/2 (57) Kosintseva,T (2496)-Batchimeg,T 
(2340) Khanty-Mansiysk 2014}) 9... d6 10. a4 Ba7 {We have reached a popular
position from the Italian game, but here White entered it with a tempo down
due to Bb5-c4, while in the Italian Game the bishop stays on c4. Ok, it could
be that Vachier simply wanted to force this type of position in order to avoid
other possibilities. Let's see...} 11. Na3 Be6 12. b4 Nb8 {Adams doesn't want
to unpin with an early ...g5, so it is perfectly ok to put the knight on d7..}
13. Bxe6 Rxe6 14. Nc4 Nbd7 15. Ne3 {Vachier allows ...Bxe3 here for a while
and Adams doesn't take it. In my opinion that is definitely a critical aspect
of this game. Taking on e3 would make the bishop on h4 a bit useless.} c6 16.
Nd2 a5 (16... g5 $5 17. Bg3 Bxe3 18. fxe3 a5 19. Nc4 axb4 20. cxb4 b5 $1 {
Black is fine here.}) 17. bxa5 Qxa5 {Again that idea was possible:} (17... Bxe3
18. fxe3 Qxa5 19. Rb1 Qc7 {Black is fine.}) 18. Ndc4 Qa6 19. Nf5 d5 20. Nce3
Kh7 21. exd5 Nxd5 22. Qh5 Rf8 23. Nxd5 cxd5 24. Be7 Nf6 25. Qh3 Re8 26. Bb4 h5
{Adams conducted the game in a slightly different way; still he got a good
position. We can only conclude that Vachier's play was not very inspiring this
time.} 27. d4 exd4 28. Nxd4 Bxd4 29. cxd4 Qc4 30. Rab1 b6 31. a5 bxa5 32. Bxa5
Qxd4 33. Bc3 Qg4 34. Qxg4 hxg4 {Black is a pawn up but soon we will get a rook
endgame with that pawn up for Black, but it is not enough to win the game.} 35.
Bxf6 Rxf6 36. Rb4 Re4 37. Rxe4 dxe4 38. Re1 Re6 39. g3 f5 40. Kg2 g5 41. h3
gxh3+ 42. Kxh3 Kg6 43. Kg2 Re5 44. Ra1 {This is just a draw.} f4 45. Ra6+ Kf5
46. gxf4 gxf4 47. Ra8 Rb5 48. Rh8 Rb2 49. Rf8+ Ke5 50. Re8+ Kd4 51. Rf8 Ke5 52.
Re8+ Kd5 53. Rd8+ Ke5 1/2-1/2

[Event "FRA-ch"]
[Site "Meribel"]
[Date "1998.08.25"]
[Round "12"]
[White "Chomet, Pascal"]
[Black "Anic, Darko"]
[Result "0-1"]
[WhiteElo "2405"]
[BlackElo "2460"]
[Annotator "Petursson,M"]
[PlyCount "54"]
[EventDate "1998.08.14"]
[EventType "tourn"]
[EventRounds "15"]
[EventCountry "FRA"]
[EventCategory "10"]
[SourceTitle "CBM 067"]
[Source "ChessBase"]
[SourceDate "1998.11.30"]
[SourceVersion "2"]
[SourceVersionDate "1998.11.01"]
[SourceQuality "1"]

1. e4 e5 2. Nf3 Nc6 3. Bb5 Nf6 4. d3 d6 5. c3 Bd7 6. O-O g6 7. Ne1 Bg7 8. f4
Qe7 9. Nf3 O-O 10. Na3 Rad8 11. Qe2 exf4 12. Bxf4 Ne5 13. Bxd7 Rxd7 14. Rae1
Nh5 15. Bc1 Qe6 16. d4 Nxf3+ 17. Rxf3 Re8 18. d5 Qg4 19. Qb5 $6 Rde7 20. Qxb7
f5 $36 21. Qb5 fxe4 22. Rff1 Be5 23. Qe2 {[%tqu "En","Can you find a winning
move for Black?","You want to go after his king with your Queen and your
Knight!","Sacrifice your bishop!","e5h2","",18,"g4h4","",0]} Bxh2+ $1 (23...
Qh4 24. g3 Bxg3 25. hxg3 Nxg3 26. Qh2 Qxh2+ 27. Kxh2 Nxf1+ 28. Rxf1 e3 29. Re1
e2 30. Nb5 {with drawing chances}) 24. Kxh2 Qh4+ 25. Kg1 Ng3 26. Qe3 (26. Qc4
Qh1+ 27. Kf2 Nxf1 28. Rxf1 Rf7+ 29. Ke1 Qh4+ 30. Kd1 Qg4+ 31. Ke1 Qg3+ 32. Kd1
e3 $1 33. Re1 e2+ 34. Rxe2 Rf1+ 35. Kc2 Rxe2+ 36. Qxe2 Rf2 $19) 26... Qh1+ 27.
Kf2 Nxf1 0-1

[Event "RUS-chT 18th"]
[Site "Olginka"]
[Date "2011.04.20"]
[Round "8"]
[White "Ivanchuk, Vassily"]
[Black "Ponomariov, Ruslan"]
[Result "0-1"]
[WhiteElo "2779"]
[BlackElo "2743"]
[Annotator "Ponomariov,R"]
[PlyCount "52"]
[EventDate "2011.04.12"]
[EventType "team-tourn"]
[EventRounds "11"]
[EventCountry "RUS"]
[SourceTitle "EXT 2020"]
[Source "ChessBase"]
[SourceDate "2019.10.17"]
[SourceVersion "1"]
[SourceVersionDate "2019.10.17"]
[SourceQuality "1"]
[WhiteTeam "Sankt Petersburg Chess Federation"]
[BlackTeam "Tomsk 400"]
[WhiteTeamCountry "RUS"]
[BlackTeamCountry "RUS"]

1. e4 {It's not always so easy to predict what Vassily will play. I think he
hadn't played 1.e4 against me 1.e4 since our match in Moscow in 2002!} e5 2.
Nf3 Nc6 3. Bb5 Nf6 4. d3 Bc5 5. O-O d6 6. c3 O-O 7. Nbd2 a6 8. Bxc6 bxc6 9. d4
exd4 10. cxd4 {Well, despite such a rare variation I had some knoweledge about
it. During my long stay in Moscow last year I had possibility to play some
training blitz games vs. Sergey Karjakin. But of course after 6 months it was
not so easy to remember everything during this game.} Bb6 {Some players
retreat with the bishop to a safe place on a7. But I had another idea in my
mind.} 11. Qc2 Re8 12. Re1 Bd7 ({Serger himself played immediately} 12... c5
13. e5 ({But probably after} 13. d5 Ba5 14. b3 Bd7 15. Bb2 c6 {it could be my
current game vs. Ivanchuk}) 13... Nd5 14. Nc4 h6 15. Bd2 Be6 16. exd6 cxd6 17.
Nxb6 Qxb6 18. dxc5 dxc5 19. Ne5 Nb4 20. Qa4 Nd5 21. Qc2 Nb4 22. Qa4 Nd5 {
1/2 Svidler,P (2722)-Karjakin,S (2760)/Moscow RUS 2010/}) 13. b3 c5 14. d5 c6
$6 {I tried to remember my old analysis. But my memory played a joke with me.}
({How it would possible to see better is} 14... Ba5 $5 15. Bb2 c6 16. dxc6 Bxc6
{transforming to the game with a correct move order.}) 15. dxc6 {Vassily
didn't exploit his chance.} ({Very strong was} 15. Nc4 $5 {and now Black has
not such an easy choice} Bc7 ({The computer recommends} 15... cxd5 16. Nxd6
Nxe4 17. Nxe8 Bxe8 18. Bb2 f5 {and says that Black is okay here. But I think
White's chances are preferable here and it's easier to play with some extra
material, because Black needs to avoid exchanging pieces.}) 16. Bg5 h6 17. Bh4
{and this pin is quite unpleasant for Black because he can't play} g5 $140 18.
Nxg5 $1 hxg5 19. Bxg5 cxd5 20. exd5 Kg7 21. Qc3 Rh8 22. Re3 {with a dangerous
initiative for white.}) 15... Bxc6 16. Bb2 Ba5 {Now after some adventures I
was again on the right road!} 17. Rad1 h6 18. Re3 Re6 19. Nc4 Bc7 {A modest
retreat, but in fact not so bad for Black.} ({It made no sense to play} 19...
Bxe4 20. Bxf6 Bxc2 21. Bxd8 Rxe3 22. Nxe3 Bxd1 23. Bxa5 Bxf3 24. gxf3 $14 {
and only White can without any risk play for a win here.}) 20. e5 $6 {First
step along the wrong path: White has some problems with his e4-pawn. Probably
my opponent after my last move thought that now it's a time for active play,
but in the end only activated my pieces.} ({As later I realised: before at
home I had analysed} 20. Rde1 Qe7 21. Nfd2 Re8 22. Qc3 Qf8 {and probably White
has nothing better than} 23. Qd3 Qe7 24. Qc3 $11 {with a draw by repetition})
20... Nd5 21. Ree1 Nf4 {I couldn't calculate all variations during the game.
But in the same moment this move is so tempting that I couldn't stop myself!}
22. Qf5 $2 {The ball was in White's court, but he didn't solve this problem.} (
{Correct was} 22. exd6 {after which both sides must find many only moves
before reaching a draw} Bxf3 23. dxc7 Nh3+ $1 24. Kf1 $1 Bxg2+ 25. Kxg2 Qg5+
26. Kh1 Rxe1+ 27. Rxe1 Qd5+ 28. Re4 Qg5 $1 29. Re1 Qd5+ $11 {I am not sure
that I would find all these crazy variations over the board. But sometimes we
must believe in our intuition!}) 22... Bxf3 23. gxf3 Qh4 24. Re4 {Now Vassily
offered a draw, but it's a little bit too late. Anyway now it's quite
difficult to recommend something for White and maybe it was his best practical
chance.} dxe5 ({Someone suggested the crazy winning continuation} 24... Rg6+
25. Kf1 Rg2 26. Rd2 Qxh2 27. Rxf4 Ba5 $3 $19 {, but I think my way is simpler
and not worse.}) 25. Rd7 ({On} 25. Bxe5 {I also planned to play} Rg6+ 26. Kf1
Rg2 {with a decisive attack.}) 25... Rg6+ 26. Kf1 Rg2 {This simple move was a
blunder by my opponent, as I could see when he started to shake his head. I
can't say that I am very satisfied with the quality of this game. But the
captain of my team was quite happy with such a result :)} 0-1

[Event "FIDE World Cup"]
[Site "Khanty-Mansiysk"]
[Date "2005.11.27"]
[Round "1.1"]
[White "Chumfwa, Stanley"]
[Black "Bacrot, Etienne"]
[Result "0-1"]
[WhiteElo "2303"]
[BlackElo "2725"]
[Annotator "Postny,E"]
[PlyCount "64"]
[EventDate "2005.11.27"]
[EventType "k.o."]
[EventRounds "7"]
[EventCountry "RUS"]
[SourceTitle "CBM 111"]
[Source "ChessBase"]
[SourceDate "2006.04.04"]
[SourceVersion "1"]
[SourceVersionDate "2006.04.04"]
[SourceQuality "1"]

1. e4 e5 2. Nf3 Nc6 3. Bb5 Nf6 4. d3 {Avoiding the main "Berlin" lines.} Bc5 5.
c3 O-O 6. O-O d5 7. Nbd2 {This position is very similar to Italian game 
(Giocco Piano) with the only difference that white's light-squared placed on
b5 instead of b3.} Re8 $146 (7... Bg4 8. h3 Bh5 9. Re1 Re8 10. Qe2 a6 11. Ba4
Bg6 12. Bc2 Nh5 13. exd5 Nf4 14. Qf1 Nxd5 15. Ne4 Ba7 16. Bd2 $11 {1/2-1/2
Kobalija,M (2634)-Bacrot,E (2715)/Moscow 2005/CBM 106 (51)}) (7... dxe4 8. dxe4
Qe7 9. h3 Bd7 10. b4 Bb6 11. Bd3 Rad8 12. Nc4 Bxh3 13. gxh3 Qd7 14. Nxb6 axb6
15. Ne1 Qxh3 16. Qe2 Nh5 17. Bg5 Rd6 18. Qe3 Qg4+ 19. Kh2 Nf4 20. Bxf4 exf4 $2
(20... Qh4+ $1 21. Kg2 (21. Qh3 Qxf4+ 22. Kg1 Rh6 $19) 21... exf4 22. Qh3 Qg5+
23. Kf3 Ne5+ 24. Ke2 Rxd3 25. Nxd3 f3+ $19) 21. Qh3 Qg5 22. Rg1 Qe5 23. Nf3
Qxc3 24. e5 $18 {1-0 Santo Roman,M (2485)-Marciano,D (2455)/Toulouse 1995/EXT
98 (55)}) 8. Qe2 Bg4 9. h3 Bh5 10. Rd1 Qd7 11. Nf1 Bg6 {[%csl Re4]} 12. Nh4 Bh5
13. Nf3 {Obviously, considering the difference in Elo points white does not
mind to repeat moves...} Nd4 $5 {[%mdl 512] A brave move, which leads to a
very irrational position.} 14. cxd4 (14. Nxd4 $2 Bxe2 15. Bxd7 Bxd1 16. Bxe8
exd4 $17) 14... Qxb5 15. g4 $1 (15. dxc5 $2 dxe4 $19) 15... Bg6 (15... dxe4 16.
Nh4 $1 Bxd4 17. gxh5 Rad8 18. Be3 Bxe3 19. Qxe3 exd3 20. h6 (20. Nf5 $6 Nxh5
21. Qg5 g6 22. Nh6+ Kf8 $17) 20... g6 21. Rac1 $13) 16. dxc5 (16. a4 $1 Qa6 17.
dxc5 dxe4 18. Nh4 exd3 19. Qe3 {The same position arised in the game without
the inclusion of moves a2-a4 and Qb5-a6. Probably, this helps white a bit,
because black's queen is less active on a6.}) 16... dxe4 17. Nh4 $1 exd3 {
Black sacrificed a piece, but ruined white's centre completely. Still, a piece
is a piece, so I don't think that objectively black can pretend here for more
than a compensation.} 18. Qe3 e4 (18... Nd5 $6 19. Qg3 e4 20. Ne3 Qxc5 21. Nxd5
Qxd5 22. Bd2 $14) 19. b3 ({Comes to consideration:} 19. Bd2 Qxb2 $6 (19... Nd5
$142 20. Qd4 Rad8 {is similar to the continuation in the game.}) 20. Rab1 Qxa2
21. Rxb7 a5 22. Qd4 {White is at least not worse here.}) (19. Ng3 $5) 19... Nd5
20. Qd4 Rad8 21. Bb2 f6 22. Nxg6 hxg6 23. Qc4 (23. Ne3 Nf4 24. Qc4+ Qxc4 25.
Nxc4 Nxh3+ $15) 23... Qxc4 24. bxc4 Nf4 25. h4 Ne6 $2 {Bacrot plays it with
overconfidence.} ({It was much better to get the pawns rolling as soon as
possible:} 25... Ne2+ 26. Kg2 f5 {and black looks better.}) 26. Ba3 $2 {
This move is too ugly to be good.} (26. Rab1 $1 c6 (26... Nxc5 $2 27. Ba3 $16 {
[%csl Rb7,Rc5]}) (26... f5 $2 27. Ng3 $16) 27. Bc1 Rd7 28. Ng3 Nxc5 29. Be3 $14
) 26... Nd4 27. Rab1 $4 {This just loses an exchange by the most prosaic
manner.} (27. Ne3 {could still keep a playable position.}) 27... Ne2+ 28. Kg2
Nc3 $19 {[%csl Rb1,Rd1]} 29. Ne3 Nxd1 30. Nxd1 b6 31. Ne3 d2 32. c6 Rd3 (32...
Rd3 33. Bb2 Re6 $19 {[%cal Ge6c6]}) 0-1

[Event "Norway Chess 3rd"]
[Site "Stavanger"]
[Date "2015.06.16"]
[Round "1"]
[White "Anand, Viswanathan"]
[Black "Caruana, Fabiano"]
[Result "1/2-1/2"]
[WhiteElo "2804"]
[BlackElo "2805"]
[Annotator "Postny,E"]
[PlyCount "74"]
[EventDate "2015.06.16"]
[EventType "tourn"]
[EventRounds "9"]
[EventCountry "NOR"]
[EventCategory "22"]
[SourceTitle "CBM 167"]
[Source "ChessBase"]
[SourceDate "2015.07.13"]
[SourceVersion "1"]
[SourceVersionDate "2015.07.13"]
[SourceQuality "1"]

1. e4 e5 2. Nf3 Nc6 3. Bb5 Nf6 4. d3 Bc5 5. Nbd2 O-O 6. Bxc6 bxc6 $5 $146 {
A novelty as early as on move six is always a remarkable thing nowadays!
Obviously, preparation, as Caruana played this position as White just few
weeks previously. I don't think this novelty is an improvement over the other
recapture 6...dxc6, but it leads to a different type of position.} (6... dxc6 {
Here the position is closed and a long manoeuvring battle is expected.} 7. Nc4
Nd7 8. Be3 (8. O-O Re8 9. a4 Bf8 10. Kh1 f6 11. Ng1 Nc5 12. b3 Ne6 13. Ne2 c5
14. f4 exf4 15. Nxf4 Nxf4 16. Bxf4 Be6 17. Ne3 Bd6 18. Qf3 $14 {1/2-1/2 (40)
Malakhov,V (2706)-Jakovenko,D (2742) Sochi 2015}) 8... Bd6 9. O-O Re8 10. Nfd2
Nf8 11. Qh5 Be6 12. h3 Ng6 13. g3 Qd7 14. Kh2 f5 15. exf5 Bxf5 16. Ne4 $14 {
0-1 (47) Caruana,F (2803)-Jakovenko,D (2738) Khanty-Mansiysk 2015}) 7. Nxe5 {
White has to take, otherwise he can't even dream about the advantage.} Re8 8.
Nef3 d5 9. O-O ({After} 9. e5 Bg4 {White won't hold his extra pawn.} 10. O-O
Rxe5 $11 {An attempt to win material at any cost:} 11. d4 $6 Bxd4 12. h3 Bh5
13. g4 $2 Nxg4 $1 14. hxg4 (14. Nxe5 Qh4 $1 15. Nxg4 Qg3+ 16. Kh1 Qxh3+ 17. Kg1
Bxg4 $19) 14... Bxg4 {[%csl Rg1] would lead White to an opening disaster.})
9... Bg4 (9... dxe4 $6 10. Nxe4 Nxe4 11. dxe4 Bg4 12. h3 {is not sufficient
for Black.}) 10. h3 Bh5 11. Qe2 (11. exd5 cxd5 {Black doesn't have immediate
threats, but has sufficient compensation in all lines thanks to his activity.}
12. b3 (12. Re1 Qd6 $44) (12. Nb3 Bd6 13. Be3 Nd7 $44 {[%cal Gc7c5,Gd7e5]})
12... Ne4 $1 13. dxe4 dxe4 14. Bb2 exf3 15. Nxf3 Qxd1 16. Rfxd1 Bxf3 17. gxf3
Re2 18. Bd4 Bxd4 19. Rxd4 Rxc2 $11) (11. e5 Rxe5 $1 12. g4 Nxg4 13. Nxe5 (13.
hxg4 $4 Bxg4 {[%cal Ge5g5] leads to a ferocious attack.}) 13... Qh4 14. hxg4
Qg3+ 15. Kh1 Qh3+ $11) 11... dxe4 12. Nxe4 (12. dxe4 $6 Nxe4 $1 13. Nxe4 Qd5
14. Re1 f5 15. Nc3 Rxe2 16. Nxd5 Rxe1+ 17. Nxe1 cxd5 {and already White is the
one that has to be careful.}) 12... h6 $1 {A useful move, preventing Bc1-g5.
Now it's not easy for White to develop.} (12... Nxe4 $2 {Now this idea
wouldn't work.} 13. dxe4 Qd5 14. Re1 {and Black can't win the Pe4.}) 13. Be3 $1
{The best is to return the pawn immediately, but to complete the development.}
(13. Re1 Re6 $1 14. Bf4 (14. c3 $2 Nxe4 15. dxe4 Bxf3 16. Qxf3 Rf6 $19) 14...
Nxe4 15. dxe4 Qf6 16. Bxc7 Qxb2 {[%cal Ga8e8] and Black is doing well.}) (13.
c3 $6 Re6 $36 {[%cal Gd8e7]}) 13... Nxe4 14. dxe4 Rxe4 15. Qd3 {Massive
exchanges are to follow.} Bxf3 16. Qxd8+ (16. gxf3 $2 Re5 {Here White just
ruined his structure for nothing.}) (16. Bxc5 Qxd3 17. cxd3 Re5 $11 18. d4 Rg5
{It's important that Black doesn't lose a piece.}) 16... Rxd8 17. Bxc5 Be2 18.
Rfc1 {The opposite coloured bishops strongly hint at drawish tendencies.
White's only hope to squeeze something out of the game is Black's damaged
structure on the queenside.} a5 19. b3 a4 20. Re1 $6 (20. f3 Re6 21. Bb4 $1 {
covering the d2-square. White will continue with Kg1-f2, Rc1-e1, torturing his
opponent for a while. In the event of an exchange on b3, White will recapture
by cxb3, opening the c-file against Black's doubled pawns.}) 20... Rd2 21. Rac1
axb3 {Now White has to take with the a-pawn. Every simplification makes
Black's defensive task easier.} 22. axb3 Rd5 23. Be3 Bh5 24. Ra1 Bg6 25. Ra7
Re7 26. c4 Rd8 (26... Rd3 {was also okay.}) 27. Rea1 Bc2 28. b4 Rd1+ {Another
exchange that basically limits White's winning chances - close to zero!} 29.
Rxd1 Bxd1 30. b5 {More simplifications to follow and draw will be agreed soon.}
cxb5 31. cxb5 Re5 32. Rxc7 Rxb5 33. Rc5 Rxc5 34. Bxc5 Bc2 35. Bd6 Bd1 36. Bc5
Bc2 37. Bd6 Bd1 {The game might look boring at first sight, but the opening
battle was very interesting.} 1/2-1/2